La democracia cristiana en Centroamérica y su renuncia al reformismo
El artículo asevera que en el istmo centroamericano se ha estructurado un panorama muy propicio para el desarrollo del proyecto demócrata-cristiano. Lo anteior se fundamenta en la confluencia de cuatro procesos que son: a-. la proliferación de formas de gobierno surgidas de procesos electorales comp...
Sábháilte in:
| Formáid: | Téacs |
|---|---|
| Ábhair: | |
| Clibeanna: |
Cuir clib leis
Níl clibeanna ann, Bí ar an gcéad duine le clib a chur leis an taifead seo!
|
MARC
| LEADER | 00000 a a2200000 04500 | ||
|---|---|---|---|
| 001 | 4274 | ||
| 003 | |||
| 040 | |||
| 245 | |a La democracia cristiana en Centroamérica y su renuncia al reformismo | ||
| 520 | |a El artículo asevera que en el istmo centroamericano se ha estructurado un panorama muy propicio para el desarrollo del proyecto demócrata-cristiano. Lo anteior se fundamenta en la confluencia de cuatro procesos que son: a-. la proliferación de formas de gobierno surgidas de procesos electorales competitivos, en la mayoría de países centroamericanos |a b-. el endurecimiento y éxito relativo de la política estadounidense hacia la región |a c-. el debilitamiento de las fórmulas latinoamericanas de negociación, en especial del Grupo de Contadora |a y, d-. el deterioro de la influencia de la Internacional Socialista en la región y el retroceso de la presencia de la diplomacia mexicana en Centroamérica. SM/mb | ||
| 650 | |a DEMOCRACIA CRISTIANA | ||
| 650 | |a DICTADURA | ||
| 650 | |a MILITARISMO | ||
| 650 | |a LEGITIMIDAD DEL ESTADO | ||
| 650 | |a CLASES DIRIGENTES | ||
| 650 | |a FUERZAS ARMADAS | ||
| 773 | |g número 3; páginas 5-20 | ||
| 999 | |c 26485 |d 26485 | ||
